Finanční matematika v praxi

Gespeichert in:
Bibliographische Detailangaben
1. Verfasser: Cipra, Tomáš
Format: Buch
Sprache:Tschechisch
Veröffentlicht: Praha HZ 1993
Ausgabe:1. vyd.
Schlagworte:
Tags: Tag hinzufügen
Keine Tags, Fügen Sie das erste Tag hinzu!

MARC

LEADER 00000nam a2200000 4500
001 c002694
005 20221206075507.1
020 |a 80-901495-1-0 
041 0 |a cze 
044 |a CZ 
245 1 0 |a Finanční matematika v praxi  |c Tomáš Cipra 
250 |a 1. vyd. 
264 1 |a Praha  |b HZ  |c 1993 
300 |a 166 s. 
610 2 0 |a úver 
610 2 0 |a úrok 
610 2 0 |a trh finančný 
610 2 0 |a obeh peňažný 
610 2 0 |a akcie 
610 2 0 |a obligácie 
610 2 0 |a ceny 
610 2 0 |a dane 
610 2 0 |a odpisy 
610 2 0 |a papiere cenné 
610 2 0 |a matematika aplikovaná 
610 2 0 |a vzorce 
610 2 0 |a rady časové 
610 2 0 |a obchody bankové 
610 2 0 |a portfólio 
100 1 |a Cipra, Tomáš